| 000 | 005110000a22001690004500 | ||
|---|---|---|---|
| 003 | MACL | ||
| 005 | 20151220120738.0 | ||
| 008 | 151220b xxu||||| |||| 00| 0 eng d | ||
| 040 |
_aMACL _cMACL |
||
| 041 | _aEnglish | ||
| 082 | _a658/DRU | ||
| 100 |
_aDrucker, Peter F _921544 |
||
| 245 |
_aThe Best of Peter Drucker on Management People and Performance _bThe Greatest Works of Peter F Drucker |
||
| 260 |
_bButterWorth Helimann _c2000 _aDelhi |
||
| 650 |
_aGeneral Managment _921540 |
||
| 942 |
_cBK _k658/DRU _2ddc |
||
| 999 |
_c40030 _d40030 |
||